Vista normal
Vista MARC
Entrada Nombre Corporativo
Número de registros utilizados en: 1
001 - NUMERO DE CONTROL
- control field: 27515
003 - CONTROL NUMBER IDENTIFIER
- control field: AR-RoUNA
005 - FECHA Y HORA DE LA ÚLTIMA TRANSACCIÓN
- control field: 20251022121754.0
008 - ELEMENTOS DE DATOS DE LONGITUD FIJA
- fixed length control field: 251022|| aca||aabn | a|a d
040 ## - FUENTE DE CATALOGACIÓN
- Original cataloging agency: AR-RoUNA
- Transcribing agency: AR-RoUNA
110 ## - NOMBRE CORPORATIVO
- Nombre corporativo: Universidal Nacional del Litoral.
- Subordinate unit: Facultad de Arquitectura y Urbanismo
670 ## - SOURCE DATA FOUND
- Source citation: Work cat.: (AR-RoUNA)12187: Universidal Nacional del Litoral. Facultad de Arquitectura y Urbanismo, Inventario